[Event "EYCC 2017"]
[Site "Mamaia"]
[Date "2017.09.14"]
[Round "9"]
[White "Beydullayeva, Govhar"]
[Black "Eizaguerri Floris, Maria"]
[Result "1-0"]
[WhiteElo "2164"]
[BlackElo "2098"]
[Annotator "TA"]
[PlyCount "106"]
[EventDate "2017.??.??"]
[EventType "swiss"]
[EventCountry "ROU"]
[SourceTitle "playchess.com"]
[Source "ChessBase"]
[SourceQuality "1"]

1. d4 {Program Activation Required} d5 2. c4 e6 3. Nf3 Nf6 4. Nc3 Bb4 5. Qa4+ Nc6 6. e3 O-O 7. Qc2 {D38: Damengambit (Ragosin-Verteidigung)} Re8 8. Bd2 Bf8 (8... a6 9. h3 Bd6 10. a3 Bd7 11. Be2 dxc4 12. Bxc4 h6 13. O-O e5 14. Rae1 Qe7 {½-½ (53) Aronian,L (2793)-Giri,A (2771) Stavanger 2017}) 9. Rd1 e5 10. dxe5 Nxe5 11. Nxe5 Rxe5 12. cxd5 Nxd5 13. Nxd5 Rxd5 14. Bc4 Rg5 15. Bc3 Qe8 $146 16. Bd5 Bd6 17. h4 Rh5 18. Qe2 Rh6 19. h5 Qe7 20. e4 c6 21. Bb3 Be6 22. Bc2 Bb4 23. Bxb4 Qxb4+ 24. Qd2 Qe7 25. f3 f5 26. e5 Bd5 27. f4 Qf7 28. Bb3 Rd8 29. Qe2 Rd7 30. Bxd5 Rxd5 31. Kf2 Qc7 32. Qc4 Qd8 33. Rd3 Kf8 34. Rxd5 Qxd5 35. Qxd5 cxd5 36. Rc1 Rb6 37. b3 Rb5 38. Ke3 a5 39. Rc8+ Kf7 40. Rc7+ Kf8 41. Kd4 b6 42. Rb7 a4 43. bxa4 Ra5 44. g3 Rxa4+ 45. Kxd5 Rxa2 46. Ke6 g6 47. h6 Ra8 48. Kf6 Kg8 49. e6 Rf8+ 50. Ke5 b5 51. Rxb5 Kh8 52. Rd5 Kg8 53. e7 Re8 1-0

[Event "EYCC 2017"]
[Site "Mamaia"]
[Date "2017.09.14"]
[Round "9"]
[White "Korchagina, Alena"]
[Black "Sucikova, Svetlana"]
[Result "1/2-1/2"]
[WhiteElo "2158"]
[BlackElo "2055"]
[Annotator "TA"]
[PlyCount "81"]
[EventDate "2017.??.??"]
[EventType "swiss"]
[EventCountry "ROU"]
[SourceTitle "playchess.com"]
[Source "ChessBase"]
[SourceQuality "1"]

{[%evp 20,81,26,18,25,24,30,29,27,27,27,29,30,20,19,30,30,27,27,22,19,-15,-9,-5,-11,-42,-22,-29,-26,-113,-109,-110,-91,-95,-90,-95,-60,-61,0,-33,-17,-20,-5,-12,25,30,17,0,95,101,119,119,100,0,61,0,99,45,43,9,19,0,48,0]} 1. Nf3 d5 2. d4 Nf6 3. c4 e6 4. Bg5 Nbd7 5. cxd5 exd5 6. Nc3 c6 7. e3 Be7 8. Qc2 Nh5 9. Bxe7 Qxe7 10. Be2 g6 {D36: Queen's Gambit Declined: Exchange Variation: Main line (5 Bg5 c6 6 Qc2)} (10... Nb6 11. Ne5 Nf6 12. O-O O-O 13. Rac1 Be6 14. Bd3 Nc8 15. Na4 Nd6 16. Nc5 g6 17. Nxe6 Qxe6 18. Rfe1 a5 19. h3 Nd7 20. Nf3 Nf6 21. Ne5 Nd7 22. Nf3 Nf6 23. Ne5 {½-½ (23) Zhou,J (2635)-Ding,L (2764) Shenzhen 2016}) 11. O-O {LiveBook: 22 Games} Nb6 12. a4 $146 {[%cal Ba2a4,Ba4a5][%mdl 32]} ({Find the theoretical novelty and annotate with similar games:} 12. Nd2 Ng7 13. Nb3 Bf5 14. Bd3 Bxd3 15. Qxd3 Ne6 16. f3 O-O 17. Rad1 a5 18. Rfe1 {0-1 (104) Alonso Rosell,A (2540)-Lopez Martinez,J (2529) Barcelona 2015}) 12... Bf5 {White has an edge.} 13. Qb3 Nc8 14. a5 {Hoping for Ne5.} a6 15. Ne5 Nf6 16. f3 Nd6 17. Na4 O-O 18. Nc5 Nd7 19. Nexd7 Bxd7 20. Ra3 Rae8 21. Qb4 ({Of course not} 21. Nxb7 Rb8 $17) 21... Bc8 22. Na4 Nf5 23. Qxe7 Rxe7 24. Kf2 (24. Re1 $1 $11 {keeps the balance.}) 24... Rfe8 $17 {[%cal Rf5e3]} 25. Nb6 Rxe3 26. Rxe3 Nxe3 27. Re1 {[#] Strongly threatening Bf1.} Nc2 28. Rd1 g5 (28... Kg7 $15) 29. g4 f5 30. Nxc8 Rxc8 31. gxf5 $11 {[%mdl 4096] Endgame KRB-KRN} c5 32. dxc5 Rxc5 33. Rg1 (33. Rc1 $5 {[%cal Re2d1]} Rc6 34. Rg1 $14) 33... d4 (33... Kf7 $11) 34. Rxg5+ $16 Kf7 35. Rh5 Kg8 36. Rg5+ Kf7 37. Rh5 (37. f4 $5 {[%cal Rf5f6]}) 37... Kg8 38. b3 ({White should try} 38. Rh6 $16) 38... Ne3 $14 39. Rg5+ Kf7 40. Rh5 Kg8 41. Rg5+ {Precision: White = 55%, Black = 63%.} 1/2-1/2

[Event "EYCC 2017"]
[Site "Mamaia"]
[Date "2017.09.14"]
[Round "9"]
[White "Makarian, Rudik"]
[Black "Globus, Or"]
[Result "1/2-1/2"]
[WhiteElo "2146"]
[BlackElo "2271"]
[Annotator "TA"]
[PlyCount "117"]
[EventDate "2017.??.??"]
[EventType "swiss"]
[EventCountry "ROU"]
[SourceTitle "playchess.com"]
[Source "ChessBase"]
[SourceQuality "1"]

1. e4 {Program Activation Required} e5 2. Bc4 Nf6 3. d3 c6 4. Nf3 d5 5. Bb3 a5 6. a4 {C24: Läuferspiel} Bd6 7. Nc3 dxe4 8. Nxe4 $146 ({Vorgänger:} 8. Ng5 O-O 9. Ncxe4 Nxe4 10. Nxe4 Bf5 11. Qf3 Bxe4 12. dxe4 Nd7 13. c3 Nc5 {1-0 (41) Bologan,V (2671)-Muzychuk,A (2528) Aix les Bains 2011}) 8... Nxe4 9. dxe4 O-O 10. O-O Na6 11. Bg5 Qc7 12. Qe2 Nc5 13. Bc4 Ne6 14. Be3 Qe7 15. Rfd1 Bc7 16. Qd2 Nf4 17. Ne1 Bg4 18. f3 Rad8 19. Qf2 Bc8 20. Kh1 Rxd1 21. Rxd1 Rd8 22. Rxd8+ Qxd8 23. g3 Ne6 24. Nd3 Ng5 25. h4 Ne6 26. Kg2 Qf6 27. Bb6 Qd8 28. Bxc7 Qxc7 29. Qa7 g6 30. Qa8 Kg7 31. Bxe6 Bxe6 32. Qe8 Qd6 33. g4 h6 34. Qa8 Qc7 35. Qa7 Bc8 36. Qc5 f6 37. g5 hxg5 38. hxg5 fxg5 39. Nxe5 Qd8 40. Nd3 Be6 41. Qe5+ Kf7 42. b3 b6 43. Kg3 Bxb3 44. Qc3 Qc7+ 45. Kg2 Be6 46. Qd2 Bc4 47. Nf2 Qe7 48. Qd4 b5 49. Ng4 Kg8 50. Ne5 Qe6 51. Qd8+ Kh7 52. Ng4 Kg7 53. Qxa5 Qd6 54. Qc3+ Kg8 55. Ne3 Be6 56. axb5 cxb5 57. Nd5 Bxd5 58. Qd4 g4 59. fxg4 1/2-1/2

[Event "EYCC 2017"]
[Site "Mamaia"]
[Date "2017.09.14"]
[Round "9"]
[White "Remizov, Yaroslav"]
[Black "Henderson de La Fuente, Lance"]
[Result "1/2-1/2"]
[WhiteElo "2146"]
[BlackElo "2408"]
[Annotator "TA"]
[PlyCount "68"]
[EventDate "2017.??.??"]
[EventType "swiss"]
[EventCountry "ROU"]
[SourceTitle "playchess.com"]
[Source "ChessBase"]
[SourceQuality "1"]

1. e4 {Program Activation Required} c5 2. Nf3 e6 3. d4 cxd4 4. Nxd4 Nc6 5. Nc3 Qc7 6. Be2 a6 7. O-O Nf6 8. Be3 Be7 9. f4 d6 10. Qe1 O-O 11. Qg3 Nxd4 12. Bxd4 b5 13. a3 Bb7 14. Kh1 Rad8 15. Bd3 {B85: Sizilianisch (Scheveninger System)} Rd7 16. Rae1 Re8 17. a4 b4 18. Na2 Qa5 19. b3 d5 20. Bxf6 Bxf6 21. e5 Bd8 {[#]} 22. Qg4 $146 ({Vorgänger:} 22. f5 exf5 23. Bxf5 {½-½ (51) Balogh,C (2651)-Jakovenko,D (2723) Yerevan 2014}) 22... g6 23. f5 Kh8 24. fxe6 fxe6 25. Re3 Rg7 26. Ref3 Qc5 27. Qxb4 Qxb4 28. Nxb4 a5 29. Bb5 Reg8 30. Nd3 g5 31. Rh3 Rc7 32. c4 Kg7 33. Rg3 Rf8 34. Kg1 Be7 1/2-1/2

[Event "EYCC 2017"]
[Site "Mamaia"]
[Date "2017.09.14"]
[Round "9"]
[White "Kirillov, Dmitry"]
[Black "Tsaruk, Maksim"]
[Result "0-1"]
[WhiteElo "2137"]
[BlackElo "2060"]
[Annotator "TA"]
[PlyCount "80"]
[EventDate "2017.??.??"]
[EventType "swiss"]
[EventCountry "ROU"]
[SourceTitle "playchess.com"]
[Source "ChessBase"]
[SourceQuality "1"]

{[%evp 18,80,-65,-79,-72,-81,-76,-87,-44,-41,0,0,0,0,0,0,0,-16,-72,-81,-7,-15,0,-55,-59,-98,-16,-18,-21,-46,-48,-187,0,0,0,-151,-149,-175,-166,-179,-132,-273,-173,-147,0,-309,-316,-309,-304,-311,-311,-335,-333,-329,-322,-370,-368,-434,-431,-428,-427,-467,-460,-391,-360]} 1. e4 e5 2. d4 exd4 3. Qxd4 Nc6 4. Qe3 Nf6 5. Bd2 Bb4 6. Nc3 O-O 7. O-O-O Re8 8. Qg3 Nxe4 9. Nxe4 Rxe4 10. c3 {LiveBook: 19 Games. C22: Centre Game} Be7 11. Bd3 Bh4 12. Qf3 {Black is better.} Re6 $146 ({Predecessor:} 12... Re8 13. Qh5 g6 14. Qh6 Ne5 15. Be2 d6 16. h3 Bf6 17. Nf3 Bg7 {0-1 (36) Nadj Hedjesi,B (2354)-Pap,M (2507) Valjevo 2011}) 13. Qh3 g6 (13... d5 $5 {[%cal Re6e4]} 14. g3 Rh6 $15) 14. f4 $1 d6 15. g4 Bf6 $36 {[%mdl 2048] White is under pressure.} 16. Nf3 Re8 17. Qg3 Be6 18. h4 Qd7 (18... Bxa2 $17 {aiming for ...Na5.} 19. h5 Na5) 19. h5 $11 Bxg4 {Threatens to win with ...Bf5.} 20. hxg6 (20. Rdg1 $11 Bf5 21. hxg6 fxg6 22. Nh4 (22. Bxf5 Qxf5 23. Qh3 Qxh3 $19) 22... Bxh4 23. Bxf5 Qxf5 24. Qxh4) 20... fxg6 $15 {And now ...Bf5 would win.} 21. Rh6 Bf5 (21... Bg7 $17 22. Rh2 Ne7) 22. Bxf5 $1 $11 Qxf5 23. Rdh1 Re7 24. R1h5 ({White should try} 24. Nh2 $15) 24... Qd7 $2 ({Black should play} 24... Qe4 $19 {Strongly threatening ...Bg7.} 25. Rh2 Qe6) 25. f5 Bg7 $1 {[%csl LRf5,LRh5,LRh6] [#]} 26. fxg6 $2 (26. Rxg6 $1 $11 {[%mdl 512]} hxg6 27. Qxg6) 26... Bxh6 $17 27. Bxh6 {[#]} Qe6 $1 {[%csl LRa2,LRg6]} 28. gxh7+ Kh8 29. Bf4 (29. Rh1 $17) 29... Rf8 {White must now prevent ...Qc4.} 30. Bh6 Ra8 (30... Rfe8 $17 31. Rh1 Ne5 32. Nxe5 Qxe5) 31. Nh4 $2 {[%mdl 8192]} (31. Bf4 $1 $11 {and White is okay.} Qxa2 32. Rg5) 31... Qe1+ $19 32. Qxe1 Rxe1+ 33. Kd2 Re6 34. Be3 Rf8 35. b4 Rf7 36. b5 Ne5 {...Nc4+ is the strong threat.} 37. Bd4 Rxh7 38. Rxh7+ Kxh7 39. Bxa7 b6 40. Bb8 Re8 {Precision: White = 42%, Black = 53%.} 0-1

[Event "EYCC 2017"]
[Site "Mamaia"]
[Date "2017.09.14"]
[Round "9"]
[White "Muetsch, Annmarie"]
[Black "Kovacs, Judit"]
[Result "1-0"]
[WhiteElo "2137"]
[BlackElo "2042"]
[Annotator "TA"]
[PlyCount "67"]
[EventDate "2017.??.??"]
[EventType "swiss"]
[EventCountry "ROU"]
[SourceTitle "playchess.com"]
[Source "ChessBase"]
[SourceQuality "1"]

{[%evp 23,66,11,26,-10,-17,-21,-8,-30,-13,-32,-2,-2,0,8,-2,-37,5,3,17,0,22,33,37,27,28,27,20,26,79,40,124,101,128,128,341,125,339,351,963,928,833,796,5525,5525,29999]} 1. e4 c5 2. Nf3 e6 3. d4 cxd4 4. Nxd4 Qb6 5. Nb3 Qc7 6. Nc3 a6 7. Bd3 Nf6 8. O-O d6 {B40: Sicilian: 2...e6, Unusual lines} 9. a4 (9. f4 Nbd7 10. Qe2 b5 11. Bd2 Bb7 12. Rae1 Be7 13. Kh1 h5 14. Nd4 h4 15. b4 Qb6 16. Nf3 Nh5 17. Qe3 Qxe3 18. Bxe3 {0-1 (42) Li,C (2656)-Yu,Y (2646) Shenzhen 2011}) 9... b6 10. Qe2 Bb7 11. f4 Nbd7 12. Be3 Be7 {LiveBook: 14 Games} 13. Nd4 Nc5 {[%cal Rf6e4]} 14. Bf2 O-O 15. Kh1 Rfe8 $146 ({Find the theoretical novelty and annotate with similar games:} 15... Rac8 16. Bg3 Qb8 17. Rae1 Rfd8 18. e5 Nxd3 19. exf6 Bxg2+ 20. Qxg2 Nxe1 21. Bxe1 Bxf6 22. Nc6 Rxc6 23. Qxc6 {1-0 (48) Grabher,H (2279)-Kleiser,G (2263) Austria 2005}) 16. Nf3 e5 17. fxe5 dxe5 18. Bg3 Bf8 19. Bh4 Be7 20. Bxf6 Bxf6 ({Don't play} 20... gxf6 $6 21. Nh4 $16) 21. Bc4 Ne6 {[#] Strongly threatening ...Nf4.} 22. g3 Nd4 23. Nxd4 exd4 24. Nd5 Bxd5 25. Bxd5 Rac8 (25... Ra7 $11 {remains equal.}) 26. Rf2 $36 {[%mdl 2048] White is pushing.} Re7 ({Black should try} 26... a5 $14) 27. Raf1 Qd7 28. Qxa6 h5 $2 (28... Qd8 $16 {was necessary.} 29. Rd1 Qc7) 29. Qe2 $2 (29. Qxb6 $18 {has better winning chances.} Qxa4 30. Rxf6) 29... Qxa4 $2 (29... Rc5 $16 {keeps fighting.} 30. Qxh5 Rxe4 31. Rxf6 Rxd5 32. Qxf7+ (32. Rxf7 Rxh5 33. Rxd7 Re2 $16) 32... Qxf7 33. Rxf7 d3 34. cxd3 Rxd3) 30. Qxh5 $18 Rxc2 $2 {[#]} (30... Rc5 31. Rxf6 Rxd5 32. Qxd5 gxf6 33. Rxf6 Qb4) 31. e5 $1 {[%mdl 512]} Rxf2 (31... Rxe5 32. Qxf7+) 32. Rxf2 Rxe5 33. Qxf7+ Kh8 34. Qg8# {Precision: White = 47%, Black = 11%.} 1-0

[Event "EYCC 2017"]
[Site "Mamaia"]
[Date "2017.09.14"]
[Round "9"]
[White "Musyuk, Lior"]
[Black "Luczak, Filip"]
[Result "1/2-1/2"]
[WhiteElo "2087"]
[BlackElo "1866"]
[Annotator "NA RC"]
[PlyCount "32"]
[EventDate "2017.??.??"]
[EventType "swiss"]
[EventCountry "ROU"]
[SourceTitle "playchess.com"]
[Source "ChessBase"]
[SourceQuality "1"]
[TimeControl "40/5400+30:1800+30"]

1. e4 {[%emt 0:00:00]} c5 {[%emt 0:00:07]} 2. Nf3 {[%emt 0:00:00]} d6 {[%emt 0:00:02]} 3. Bb5+ {[%emt 0:00:00]} Nd7 {[%emt 0:00:22]} 4. d4 {[%emt 0:00:00]} cxd4 {[%emt 0:00:06]} 5. Qxd4 {[%emt 0:00:11]} e5 {[%emt 0:01:10]} 6. Qd3 {[%emt 0:00:46]} a6 {[%emt 0:00:13]} 7. Bxd7+ {[%emt 0:00:11]} Bxd7 {[%emt 0:00:01]} 8. c4 {[%emt 0:00:10]} h6 {[%emt 0:02:07]} 9. Nc3 {[%emt 0:01:22]} Nf6 {[%emt 0:00:27]} 10. Nd2 {[%emt 0:00:39]} Be7 {[%emt 0:01:44]} 11. a4 {[%emt 0:01:33]} O-O {[%emt 0:00:46]} 12. Nf1 {[%emt 0:01:07]} b5 {[%emt 0:10:34]} 13. Ne3 {[%emt 0:08:55]} bxc4 {[%emt 0:02:29]} 14. Qxc4 {[%emt 0:01:28]} Be6 {[%emt 0:02:20]} 15. Qd3 {[%emt 0:01:40]} Nd7 16. b4 a5 1/2-1/2

[Event "EYCC 2017"]
[Site "Mamaia"]
[Date "2017.09.14"]
[Round "9"]
[White "Redondo Benavente, Ana"]
[Black "Nastase, Andreea-Cristina"]
[Result "1-0"]
[WhiteElo "2087"]
[BlackElo "1986"]
[Annotator "NA RC"]
[PlyCount "45"]
[EventDate "2017.??.??"]
[EventType "swiss"]
[EventCountry "ROU"]
[SourceTitle "playchess.com"]
[Source "ChessBase"]
[SourceQuality "1"]
[TimeControl "40/5400+30:1800+30"]

1. e4 {[%emt 0:00:00]} c5 {[%emt 0:00:03]} 2. c3 {[%emt 0:00:00]} Nf6 {[%emt 0:00:04]} 3. e5 {[%emt 0:00:00]} Nd5 {[%emt 0:00:04]} 4. d4 {[%emt 0:00:14]} e6 {[%emt 0:00:25]} 5. Nf3 {[%emt 0:00:32]} cxd4 {[%emt 0:00:00]} 6. cxd4 {[%emt 0:00:00]} b6 {[%emt 0:00:00]} 7. Nc3 {[%emt 0:01:03]} Nxc3 {[%emt 0:00:00]} 8. bxc3 {[%emt 0:00:10]} Bb7 {[%emt 0:00:00]} 9. Bd3 {[%emt 0:00:58]} Be7 {[%emt 0:01:25]} 10. O-O {[%emt 0:01:00]} O-O {[%emt 0:04:55]} 11. Nd2 {[%emt 0:01:39]} d6 {[%emt 0:01:58]} 12. f4 {[%emt 0:01:43]} dxe5 {[%emt 0:00:05]} 13. fxe5 {[%emt 0:00:34]} Bg5 {[%emt 0:01:28]} 14. Ne4 {[%emt 0:04:38]} Bxc1 {[%emt 0:00:08]} 15. Rxc1 {[%emt 0:00:13]} Ba6 {[%emt 0:05:44]} 16. Bxa6 {[%emt 0:06:58]} Nxa6 {[%emt 0:00:06]} 17. Qh5 {[%emt 0:00:23]} Qd5 {[%emt 0:09:09]} 18. Ng5 {[%emt 0:07:37]} h6 {[%emt 0:00:37]} 19. Nxf7 {[%emt 0:03:08]} Qe4 {[%emt 0:02:10]} 20. Rce1 {[%emt 0:05:17]} Qc2 {[%emt 0:05:01]} 21. Re3 {[%emt 0:04:06]} Nc7 {[%emt 0:10:41]} 22. Nxh6+ {[%emt 0:11:04]} gxh6 {[%emt 0:00:12]} 23. Rg3+ {[%emt 0:00:01]} 1-0

[Event "EYCC 2017"]
[Site "Mamaia"]
[Date "2017.09.14"]
[Round "9"]
[White "Oboladze, Luka"]
[Black "Kevlishvili, Robby"]
[Result "1/2-1/2"]
[WhiteElo "2083"]
[BlackElo "2450"]
[Annotator "TA"]
[PlyCount "99"]
[EventDate "2017.??.??"]
[EventType "swiss"]
[EventCountry "ROU"]
[SourceTitle "playchess.com"]
[Source "ChessBase"]
[SourceQuality "1"]

{[%evp 22,99,44,10,10,14,30,14,24,5,12,0,0,0,0,0,1,-11,20,22,37,25,54,47,46,48,62,62,53,60,76,80,70,85,77,75,63,62,138,135,107,88,170,145,200,194,302,292,281,297,295,297,289,288,272,187,278,252,262,255,234,8,35,8,982,0,0,0,8,8,8,8,8,8,8,8,8,8,8,8]} 1. e4 c5 2. c3 d5 3. exd5 Qxd5 4. Nf3 Nc6 5. Na3 Nf6 6. Be2 e6 7. d4 cxd4 8. Nb5 Qd8 9. Nbxd4 Nxd4 10. Qxd4 Qxd4 11. Nxd4 Bd7 {B22: Sicilian: 2 c3} 12. Bf4 {LiveBook: 3 Games} (12. O-O O-O-O 13. Bf4 Bc5 14. Be5 Bb6 15. Rfe1 Ne8 16. Bc4 f6 17. Bg3 e5 18. Ne6 Nd6 19. Nxd8 Nxc4 {½-½ (84) Salgado Lopez,I (2606)-Navara,D (2710) Caleta 2013}) 12... Nd5 13. Bg3 Bc5 (13... h5 $5 {[%cal Rh5h4]} 14. h4 g6 $14) 14. O-O-O $146 ({Find the theoretical novelty and annotate with similar games:} 14. Nb5 O-O 15. O-O f5 16. Bd6 Bxd6 17. Nxd6 Bc6 18. Bb5 Bxb5 19. Nxb5 {0-1 (26) Jaramillo Duque,D-Castrillon Gomez,M (2027) Caldas 2011}) 14... O-O-O 15. Bf3 Ne7 16. Rhe1 Ba4 17. Nb3 Bb6 18. Rxd8+ Rxd8 19. Re4 Bb5 (19... Bc6 $5 {[%cal Rc6e4]} 20. Rc4 Kd7 $11) 20. a4 {[%cal Ba2a4,Ba4a5][%mdl 32]} Bd3 21. Rb4 {Strongly threatening a5.} Nd5 22. Rg4 g6 23. a5 Bc7 24. Bxc7 Kxc7 25. Rd4 Bf1 26. c4 Nb4 27. Rxd8 Kxd8 $14 {[%mdl 4096] Endgame KBN-KBN} 28. Nd2 Bd3 29. Bxb7 f5 (29... e5 $14) 30. b3 $16 Kc7 31. Ba8 Be2 (31... Kb8 $16) 32. Bf3 $1 $18 {[%cal Rf3e2]} Nd3+ (32... Bxf3 $16 {was called for.} 33. Nxf3 Nd3+ 34. Kd2 Nxf2) 33. Kc2 Bxf3 (33... Ne1+ $142 34. Kc3 Bxf3 35. gxf3 Kd6) 34. Kxd3 ({Weaker is} 34. gxf3 Nxf2 35. b4 g5 $14) 34... Bxg2 {KB-KN} 35. Kd4 $1 {[%cal Rd4e5]} Kd6 36. f4 {[%cal Bf2f4,Bf4e5][%mdl 32]} h6 {[#] Black wants to play ...g5.} 37. h4 $1 e5+ 38. fxe5+ Ke6 (38... Ke7 $142 39. b4 g5) 39. b4 g5 40. hxg5 hxg5 41. b5 $2 ({Only move:} 41. Nb3 $18) 41... g4 $11 42. c5 {Black should prevent a6.} a6 $2 {[%mdl 8192] [#]} (42... f4 $11) 43. bxa6 $2 ({White must play} 43. c6 $1 $18) 43... Bc6 {The position is equal.} 44. Ke3 Kxe5 {aiming for ...f4+.} 45. Nc4+ $1 Kd5 $132 {[%mdl 2048] Black is not keeping still} 46. Nb6+ Kxc5 {And now ...g3 would win.} 47. a7 Kb5 48. a8=Q Bxa8 49. Nxa8 f4+ 50. Ke4 {Precision: White = 64%, Black = 49%.} 1/2-1/2

[Event "EYCC 2017"]
[Site "Mamaia"]
[Date "2017.09.14"]
[Round "9"]
[White "Sakulo, Denis"]
[Black "Zarubitski, Viachaslau"]
[Result "1/2-1/2"]
[WhiteElo "2061"]
[BlackElo "2325"]
[Annotator "TA"]
[PlyCount "103"]
[EventDate "2017.??.??"]
[EventType "swiss"]
[EventCountry "ROU"]
[SourceTitle "playchess.com"]
[Source "ChessBase"]
[SourceQuality "1"]

1. d4 {Program Activation Required} d5 2. c4 c6 3. cxd5 cxd5 4. Bf4 Nf6 5. Nc3 Nc6 6. e3 e6 7. Bd3 Be7 8. Nf3 O-O 9. O-O Bd7 10. Rc1 Rc8 11. Ne5 Be8 12. Qe2 {D13: Damengambit (Slawische Verteidigung, Abtauschvariante)} Bd6 $146 ({Vorgänger:} 12... a6 13. Nxc6 Bxc6 14. Rc2 Bd6 15. Bg5 e5 16. dxe5 Bxe5 17. Rd1 Qd6 18. f4 Bxc3 19. Rxc3 Rfe8 20. Qc2 h6 {0-1 (35) Donaldson,J (2411)-Becerra Rivero,J (2598) ICC INT 2008}) 13. Nb5 Bb8 14. Nxc6 Rxc6 15. Bg5 h6 16. Bh4 Rxc1 17. Rxc1 Bxb5 18. Bxb5 g5 19. Bg3 Ne4 20. Bxb8 Qxb8 21. Bd3 Rc8 22. Rxc8+ Qxc8 23. Bxe4 dxe4 24. Qd2 Qc4 25. b3 Qc7 26. h3 b6 27. a4 Qc6 28. Qb2 a5 29. Qd2 Kg7 30. Qb2 Kg6 31. Kh2 h5 32. Qd2 h4 33. Kg1 Kf6 34. Qb2 Ke7 35. Qa3+ Ke8 36. Qb2 Kd7 37. Qe2 Ke7 38. Qc4 Qd7 39. Qc2 f5 40. Qc4 Kf7 41. Kh1 Kf6 42. Kg1 f4 43. Qc2 Qb7 44. Qe2 f3 45. Qb5 Qc7 46. Qe8 Qc1+ 47. Kh2 Qc7+ 48. Kg1 Qc1+ 49. Kh2 Qf1 50. Qf8+ Kg6 51. Qg8+ Kf6 52. Qf8+ 1/2-1/2

[Event "EYCC 2017"]
[Site "Mamaia"]
[Date "2017.09.14"]
[Round "9"]
[White "Chyzy, Jakub"]
[Black "Murzin, Volodar"]
[Result "0-1"]
[WhiteElo "2060"]
[BlackElo "2280"]
[Annotator "TA"]
[PlyCount "100"]
[EventDate "2017.??.??"]
[EventType "swiss"]
[EventCountry "ROU"]
[SourceTitle "playchess.com"]
[Source "ChessBase"]
[SourceQuality "1"]

1. e4 {Program Activation Required} c5 2. Nf3 d6 3. d4 cxd4 4. Qxd4 a6 5. c4 Nc6 6. Qe3 g6 {B53: Sizilianisch (Ungarische Variante)} 7. h3 Bg7 8. Be2 Nf6 9. O-O O-O 10. Nc3 Nd7 (10... Be6 11. Bd2 Nd7 12. Rfd1 Nde5 13. b3 Nxf3+ 14. Bxf3 {½-½ (61) Ponomariov,R (2709)-Kasimdzhanov,R (2691) Tashkent 2016}) 11. Rd1 a5 12. Rb1 a4 $146 ({Vorgänger:} 12... Nc5 13. b3 Bd7 14. Bd2 {½-½ (28) Vega Gutierrez,S (2408)-Fernandez Torre,I (2164) Linares 2016}) 13. Nd5 Nc5 14. Nd2 f5 15. Bf3 f4 16. Qe1 Nd4 17. Nc3 Nd3 18. Qf1 Ne5 19. Nb5 Nxb5 20. cxb5 Be6 21. Be2 Bxa2 22. Ra1 Be6 23. Nf3 Nxf3+ 24. Bxf3 Bb3 25. Re1 Qc7 26. Bd1 Bc4 27. Be2 Be6 28. Ra3 Qc5 29. Rf3 Be5 30. Bd3 g5 31. Be2 Kh8 32. Kh1 Rg8 33. Rd3 Bf7 34. f3 Rac8 35. Red1 Bb3 36. Re1 Qb6 37. Kh2 Rc7 38. Bd2 Bxb2 39. Rb1 Be5 40. Qe1 Rcc8 41. Ba5 Qc5 42. Bb4 Qc7 43. Bd1 Ba2 44. b6 Qc4 45. Be2 Bxb1 46. Rd1 Qa2 47. Rxb1 Rc2 48. Bf1 Rgc8 49. Rd1 Qb3 50. Rd3 Rc1 0-1